000 00406nam a2200145 a 4500
001 000016013
005 20200929164234.0
008 100223s1966 dr 001 0 spa d
040 _aDO-SdBNP
_bspa
_cBNPHU
082 _axxxx
_bL817h
100 1 _alockward, Antonio
_929214
245 1 0 _aHotel Cosmos /
_cAntonio lockward.
260 _aSanto Domingo :
_bDi-Do Lito-Offset,
_c1966.
300 _a83 p. ;
_c21 cm.
999 _c15555
_d15555